Metallica First Lyrics Quiz II - Statistics

General Stats
  • This quiz has been taken 129 times
  • The average score is 11 of 21
Answer Stats
Lyrics Answer % Correct
Make his fight on the hill in the early dayConstant chill deep inside For Whom the Bell Tolls
94%
End of passion play, crumbling awayI'm your source of self destruction Master of Puppets
91%
So close, no matter how farCouldn't be much more from the heart Nothing Else Matters
90%
Welcome to where time stands stillNo one leaves and no one will Welcome Home(Sanitarium)
88%
Dear Mother, Dear FatherWhat is this hell you've put me through? Dyers Eve
61%
Bodies build the fields I see, hungry heroes endNo one to play solider now, no one to pretend Disposable Heroes
59%
Late at night all systems goYou've come to see the show Whiplash
59%
No life 'till leatherGonna kick some ass tonight Hit the Lights
56%
Suspicion is your nameYour honesty to blame The Shortest Straw
55%
Lay beside me and tell me what they've doneSpeak the words I wanna hear, to make my demons run The Unforgiven II
53%
All that is, was and will beUniverse, much to big to see Through the Never
48%
In the name of desperation In the name of wretched pain Hardwired
45%
Never hunger, never prosperI have fallen prey to faliure The Frayed Ends of Sanity
43%
Feel no pain, but my life ain't easyI know I'm my best friend Escape
35%
Mama, they try and break meStill the window burns to light the way back home A light that warms, no matter where they've gone Hero of the Day
34%
Crawl from wreckage one more time Horrific memory twists the mind All Nightmare Long
33%
And it feel's right this timeOn a crash course with the big time No Leaf Clover
31%
Bitterness and burdenCurses thrust on thee Atlas, Rise!
26%
No mercy for what we're doingNo thought to even what we've done No Remorse
21%
Need more and more, tainted miseryBleed, battle scars, chemical affinity The End of the Line
21%
Hit dirt, shake treeSplit sky, part sea Carpe Diem Baby
19%
No matching quizzes found
Score Distribution
Percent of People with Each Score
Percentile by Number Answered
Your Score History
You have not taken this quiz